Там, где бродит смерть: Роман

Detalles Bibliográficos
Autor Principal: Марков А. В. Александр Владимирович
Summary:Исключено из фонда НТБ ТПУ
Idioma:ruso
Publicado: Москва, Вече, 2002
Series:Жестокая реальность
Formato: MixedMaterials Libro
KOHA link:https://koha.lib.tpu.ru/cgi-bin/koha/opac-detail.pl?biblionumber=56775

MARC

LEADER 00000nam0a2200000 4500
001 56775
005 20231031053733.0
010 |a 5783811874 
035 |a (RuTPU)RU\TPU\book\59634 
090 |a 56775 
100 |a 20031010d2002 m y0rusy50 ca 
101 0 |a rus 
102 |a RU 
105 |a y z 000ay 
200 1 |a Там, где бродит смерть  |e Роман  |f А. В. Марков 
210 |a Москва  |c Вече  |d 2002 
215 |a 384 с. 
225 1 |a Жестокая реальность 
333 |a Исключено из фонда НТБ ТПУ 
675 |a Р2  |v 3 
700 1 |a Марков  |b А. В.  |g Александр Владимирович 
801 1 |a RU  |b 63413507  |c 20031010  |g PSBO 
801 2 |a RU  |b 63413507  |c 20211217  |g PSBO 
942 |c BK